Indian rural women: a study on role and status of rural women in Assam (Record no. 353130)

000 -LEADER
fixed length control field 00375cam a22001217a 4500
008 - FIXED-LENGTH DATA ELEMENTS--GENERAL INFORMATION
fixed length control field 180718b1986 xxu||||| |||| 00| 0 eng d
082 ## - DEWEY DECIMAL CLASSIFICATION NUMBER
Classification number B142x5411 Sa21
100 ## - MAIN ENTRY--PERSONAL NAME
Personal name Saikia, P.D.
245 ## - TITLE STATEMENT
Title Indian rural women: a study on role and status of rural women in Assam
Statement of responsibility, etc. by P.D. Saikia
260 ## - PUBLICATION, DISTRIBUTION, ETC.
Place of publication, distribution, etc. Delhi
Name of publisher, distributor, etc. Mittal
Date of publication, distribution, etc. 1986
300 ## - PHYSICAL DESCRIPTION
Extent 134p.
650 ## - SUBJECT ADDED ENTRY--TOPICAL TERM
Topical term or geographic name entry element Women, Rural - India - Assam
Holdings
Withdrawn status Lost status Damaged status Not for loan Permanent Location Current Location Date acquired Full call number Barcode Date last seen Price effective from Koha item type
        Indian Institute of Public Administration Indian Institute of Public Administration 1993-11-30 B142x5411 Sa21 61898 2018-07-21 2018-07-21 Book

Powered by Koha